000 00277nam a2200109Ia 4500
008 201231s9999 xx 000 0 und d
100 _aMorgan, Bryan; Perkins, Jeff
245 0 _aTeach Yourself SQL in 14 Days
260 _aNew Delhi
_bPrentice-Hall
300 _a377
942 _cBK
999 _c9443
_d9443